<?xml version="1.0" encoding="UTF-8"?><?xml-stylesheet type="text/xsl" href="static/style.xsl"?><OAI-PMH xmlns="http://www.openarchives.org/OAI/2.0/" xmlns:xsi="http://www.w3.org/2001/XMLSchema-instance" xsi:schemaLocation="http://www.openarchives.org/OAI/2.0/ http://www.openarchives.org/OAI/2.0/OAI-PMH.xsd"><responseDate>2026-04-30T05:14:45Z</responseDate><request verb="GetRecord" identifier="oai:uvadoc.uva.es:10324/21030" metadataPrefix="marc">https://uvadoc.uva.es/oai/request</request><GetRecord><record><header><identifier>oai:uvadoc.uva.es:10324/21030</identifier><datestamp>2021-06-29T16:33:01Z</datestamp><setSpec>com_10324_38</setSpec><setSpec>col_10324_852</setSpec></header><metadata><record xmlns="http://www.loc.gov/MARC21/slim" xmlns:doc="http://www.lyncode.com/xoai" xmlns:xsi="http://www.w3.org/2001/XMLSchema-instance" xmlns:dcterms="http://purl.org/dc/terms/" xsi:schemaLocation="http://www.loc.gov/MARC21/slim http://www.loc.gov/standards/marcxml/schema/MARC21slim.xsd">
<leader>00925njm 22002777a 4500</leader>
<datafield tag="042" ind1=" " ind2=" ">
<subfield code="a">dc</subfield>
</datafield>
<datafield tag="720" ind1=" " ind2=" ">
<subfield code="a">Escudero Peral, Esther</subfield>
<subfield code="e">author</subfield>
</datafield>
<datafield tag="260" ind1=" " ind2=" ">
<subfield code="c">2016</subfield>
</datafield>
<datafield tag="520" ind1=" " ind2=" ">
<subfield code="a">Este trabajo de fin de grado se centra en el desarrollo de la competencia comunicativa escrita en el tercer curso de Educación Primaria, así como en dos de sus competencias específicas: textual y lingüística. Estudio estas competencias desde el área de Lengua Castellana, y trabajo diferentes tipos de texto y géneros, elegidos conforme a la edad, el momento y los intereses del alumnado. Los tipos de texto son el narrativo, el descriptivo, y los géneros son la noticia, el relato, la descripción de un paisaje y la receta; los dos primeros como textos narrativos y los dos últimos como textos descriptivos. A raíz de este estudio, y mediante la observación y el análisis de varios aspectos comunicativos, he obtenido unos resultados que me han permitido saber cuáles son las fortalezas y debilidades de los estudiantes de este nivel en la escritura de diferentes tipos de texto y géneros discursivos.</subfield>
</datafield>
<datafield tag="024" ind2=" " ind1="8">
<subfield code="a">http://uvadoc.uva.es/handle/10324/21030</subfield>
</datafield>
<datafield ind1=" " ind2=" " tag="653">
<subfield code="a">Escritura-Estudio y enseñanza (Primaria)</subfield>
</datafield>
<datafield ind1=" " ind2=" " tag="653">
<subfield code="a">Español (Lengua)-Estudio y enseñanza (Primaria)</subfield>
</datafield>
<datafield tag="245" ind1="0" ind2="0">
<subfield code="a">La competencia comunicativa escrita en el tercer curso de Educación Primaria</subfield>
</datafield>
</record></metadata></record></GetRecord></OAI-PMH>